FIFA 17 Premier League Top 10 Left Back - Statistics

General Stats
  • This quiz has been taken 270 times
  • The average score is 6 of 10
Answer Stats
Rank Player OVA % Correct
4 Luke Shaw 81
86%
7 Danny Rose 80
79%
2 Leighton Baines 83
73%
3 Nacho Monreal 81
67%
1 Cesar Azpilicueta 84
64%
6 Gael Clichy 80
61%
8 Aleksandr Kolarov 79
54%
5 Kieran Gibbs 80
44%
9 Ryan Bertrand 79
40%
10 Marcos Rojo 78
26%
No matching quizzes found
Score Distribution
Percent of People with Each Score
Percentile by Number Answered
Your Score History
You have not taken this quiz